| 000 | 00606nam a22001571a 4500 | ||
|---|---|---|---|
| 082 |
_a621.57 _bWIL _cL-8, P-8 |
||
| 100 | 1 |
_aWilliams, Hal. _941877 |
|
| 245 | 1 | 0 |
_aMechanical refrigeration : _bbeing a practical introduction to the study of cold storage, ice-making, and other purposes to which refrigeration is applied / _cH. Williams. |
| 250 | _a5th ed. | ||
| 260 |
_aLondon : _bPitman, _c1941. |
||
| 300 |
_a564 p. : _bill., diagrs., tables ; _c22 cm. |
||
| 526 |
_a0 _b0 _c0 _d621_570000000000000_WIL |
||
| 650 | 0 |
_aMCE _9379 |
|
| 650 | 0 |
_aRefrigeration and refrigerating machinery. _919031 |
|
| 942 |
_2ddc _cBK |
||
| 999 |
_c545893 _d545893 |
||